Statistics for marjorie - Taylor Swift (All Lyrics)

Click here to take the quiz!

General Stats

  • This quiz has been taken 1,071 times
  • The average score is 297 of 320

Answer Stats

Answer% Correct
I
100%
You
100%
you
100%
be
99%
me
99%
to
99%
your
99%
for
98%
so
98%
And
97%
and
97%
didn't
97%
What
97%
you're
97%
You're
97%
forget
96%
Never
96%
where
96%
kind
95%
know
95%
Marjorie
95%
my
95%
alive
94%
as
94%
clever
94%
dead
94%
died
94%
I'd
94%
in
94%
stay
94%
the
94%
The
94%
think
94%
better
93%
If
93%
if
93%
now
93%
still
93%
were
93%
around
92%
head
92%
name
92%
how
91%
Asked
90%
asked
90%
every
90%
it
90%
polite
90%
power
90%
Should've
90%
should've
90%
talking
89%
write
89%
down
88%
from
88%
kept
88%
of
88%
questions
88%
signed
88%
would
88%
All
87%
all
87%
grocery
87%
store
87%
up
87%
Cause
86%
receipt
86%
taken
86%
that
85%
there
85%
Watched
85%
back
84%
such
84%
autumn
83%
could
83%
way
83%
go
82%
listening
82%
much
82%
whole
82%
our
81%
singing
81%
touch
81%
chill
80%
feet
80%
scrap
80%
wakes
80%
But
79%
car
79%
complained
79%
dreams
79%
stairs
79%
wield
79%
always
78%
loved
78%
past
77%
skies
77%
left
76%
ride
76%
them
76%
Long
75%
You'd
75%
amber
74%
feel
74%
frozen
74%
swims
71%
closets
70%
limbs
68%
backlogged
67%

Score Distribution

Percentile by Number Answered

Percent of People with Each Score

Your Score History

You have not taken this quiz